000 00645nam a2200181Ia 4500
008 100920s9999 xx 000 0 und d
082 _b77535
_a539 थ 99
100 _aअनु. सोवनी रा. वि./फतेहअली लईक.
245 _aआपले पर्यावरण.
260 _bनॅशनल बुक टस्ट्र, इंडिया नवी दिल्ली.
_c1999
300 _a94
_bसाधी
365 _b35
520 _aशाआ.
630 _aआपले पर्यावरण.
650 _aशाआ.
730 _aआपले पर्यावरण.
942 _cBOOK
999 _c718809
_d718806